| 000 | 00832nam a22002417a 4500 | ||
|---|---|---|---|
| 999 |
_c13803 _d13803 |
||
| 003 | AR-CdUCM | ||
| 008 | 190410b ||||| |||| 00| 0 spa d | ||
| 040 |
_aMUNICIPALIDAD PROVINCIAL DEL CUSCO _cBIBLIOTECA MUNICIPAL DEL CUSCO |
||
| 082 |
_aC / 985.603 / _bAV91 |
||
| 100 |
_aAvendaño, Angel _9875 |
||
| 245 | _aDiccionario enciclopédico del Qosqo / | ||
| 260 |
_aCusco : _bHochman international, _c1995. |
||
| 300 |
_a1013 páginas ; _bFotografías, ilustraciones, retretes, _c30 cm. |
||
| 505 | _aContenido: Diccionario enciclopédico del Qosqo. | ||
| 650 |
_aPeruanismos _910937 |
||
| 650 |
_aFolclore _93233 |
||
| 650 |
_aDiccionarios _95105 |
||
| 650 |
_aDiccionarios geográficos _930828 |
||
| 650 |
_aPerú-Cusco _95400 |
||
| 710 |
_aMunicipalidad del Qosqo _96414 |
||
| 942 |
_2ddc _cLIBROS |
||
| 945 |
_aacv _d2019-04-16 |
||